Panščyna (ukrajins'ka narodna kazka)

Bibliographic Details
Format: Article
Language:Ukrainian
PhysicalDescription:Fotografie
Subjects:

MARC

LEADER 00000nab a2200000 4500
001 vtls011903251
003 SK-MaSNL
005 20260303095346.0
008 191126c2019 xo zr|p || ||00 c0ukr
015 |a SNBRB2019/11 
038 |a SVKPOCL 
040 |a SVKPOCL  |b slo  |c SVKPOCL  |e rda 
041 0 |a ukr 
044 |a xo  |c SK 
072 7 |a 821.161  |x Východoslovanské literatúry  |2 konspekt 
080 |a 821.161.2-34  |2 2011 
080 |a 398.21(477)(=161.2)  |2 2011 
080 |a 821.161.2-93  |2 2011 
080 |a (477)  |2 2011 
245 0 0 |a Panščyna  |b (ukrajins'ka narodna kazka) 
300 |b Fotografie 
336 |a text  |b txt  |2 rdacontent 
337 |a bez média  |b n  |2 rdamedia 
338 |a zväzok  |b nc  |2 rdacarrier 
650 0 7 |a ľudová slovesnosť  |2 SNKPH  |9 67005 
650 0 7 |a rozprávky  |2 SNKPH  |9 75941 
650 0 7 |a ukrajinská literatúra  |2 SNKPH  |9 1218 
650 0 7 |a ukrajinské rozprávky  |2 svkpocl  |9 167416 
650 0 7 |a ľudové rozprávky  |2 SNKPH  |9 73195 
655 7 |a rozprávky  |2 SNKPH  |9 70597 
773 0 |t Veselka  |g Roč. 67, č. 3 (2019/2020), s. 4 
852 |a SVKPO  |b KIS3GCP 
958 |a LX 
958 |a UA 
958 |a SS 
958 |a DB 
958 |a NM 
999 |c 1824813  |d 1826743